000 00784nam a2200205Ii 4500
003 JO-AjNU
008 230605s9999||||xx |||||||||||||| ||und||
040 _aJO-AjNU
_bara
_erda
_cJO-AjNU
041 _aara
050 1 4 _aPJ6101.S2538 2000
100 3 _aتاليف الحلي،لصفي الدين؛تحقيق رشيد عبد الرحمن العبيدي,
_eauthor
_911970
245 0 0 _aنتائج الألمعية في شرح الكافية البديعية
250 _aط1
264 3 1 _aبيروت: مؤسسة الرسالة،2000/عمان: دار البشير
300 _a296ص
336 _atext
_btxt
_2rdacontent
337 _aunmediated
_bn
_2rdamedia
338 _avolume
_bnc
_2rdacarrier
650 4 _aقواعد اللغة العربية-اللغة العربية
_911971
999 _aA2597
_c6165
_d6165